000 01017cad a22002295a 4500
001 L157204
008 120920e20120919xxkd f s f000 0 eng d
035 _a(Sirsi) u157204
041 0 _aeng
110 1 _aOffice for National Statistics
_92210
245 0 0 _aHouse price index
_bJuly 2012
_h[electronic resource]
260 _aLondon
_bDCLG
_c2012
490 0 _aONS House Price Index
_vJuly 2012
520 _aUK house prices increased by 0.2% since July 2011 with no change between June and July 2012. The mix-adjusted average house price was £234 000 in July 2012 (not seasonally adjusted). Annual average house prices increased by 2.4% in England and decreased by 1.1% in Scotland, 0.2% in Wales and 10.9% in Northern Ireland.
521 _aAdvanced
590 _aKA NTK
650 2 4 _aONS HOUSE PRICE INDEX
651 4 _aUnited Kingdom
_y
690 _aResidential property
_96266
856 4 0 _uhttps://www.ons.gov.uk/ons/dcp171778_278360.pdf
_zView this item free of charge at www.ons.gov.uk
942 _n0
999 _c114649
_d114649